000 01150nam a2200301Ia 4500
003 OSt
005 20221005110548.0
006 a|||||r|||| 00| 0
007 ta
008 221004b |||||||| |||| 00| 0 hin d
020 _a9788126330249 (hbk)
_cINR 380.00
024 _a37480
037 _bBW/1697, 15/03/2018, Bookwell
_cTextual
040 _aCRL
_cCRL
_bhin
041 _2hin
_ahin
082 _aO152,3N65,UF, Q1
100 _aतिवारी, प्रमोद कुमार, ले.
_9624124
245 0 _aउफ़्फ़
246 _aUफ़फ़
250 _aसंस्करण 2
260 _aनई दिल्ली
_bभारतीय ज्ञानपीठ भारत
_c2011
300 _a377पृ0
_ccm.
490 _aलोकोदय ग्रन्थमाला; ग्रन्थांक 1015
650 _a हिन्दी साहित्य
650 _aहिन्दी कहानी
942 _hO152,3N65,UF, Q1
_cTEXL
_2cc
999 _c1019212
_d1019212